000 00542nam a22001697a 4500
005 20231116102944.0
008 231116b |||||||| |||| 00| 0 eng d
020 _a0702101966
041 _aEnglish
082 _a343.9 COO
100 _aCooper, WE
_lEnglish
245 _aSouth African Road Traffic Legislation :
_bCompanion Volume to Motor Law /
_cWE Cooper
260 _aCape Town :
_bJuta and Company Ltd,
_c1967
300 _b202 pages ;
_c28 cm.
650 _aLegal practice
_bLaw
942 _cBK
_6ALISON_BN_VRIES
999 _c723
_d723